| 000 | 00459nam a22001217a 4500 | ||
|---|---|---|---|
| 008 | 230721b |||||||| |||| 00| 0 eng d | ||
| 040 |
_aNational Science Library _cNational Science Library |
||
| 100 | 1 |
_aSinha, Bharoti _912791 |
|
| 245 |
_aComputational analysis of EM scattering: _bHalf yearly progress report ending on 31st March, 1994 |
||
| 260 |
_aRoorkee: _bDepartment of Electronics & Computer Engineering, _c1994 |
||
| 650 | _aReport | ||
| 942 |
_2udc _cREP |
||
| 999 |
_c54202 _d54202 |
||